<?xml version="1.0" encoding="UTF-8"?>
<record
    xmlns:xsi="http://www.w3.org/2001/XMLSchema-instance"
    xsi:schemaLocation="http://www.loc.gov/MARC21/slim http://www.loc.gov/standards/marcxml/schema/MARC21slim.xsd"
    xmlns="http://www.loc.gov/MARC21/slim">

  <leader>02949nam a2200541Ia 4500</leader>
  <controlfield tag="001">3621</controlfield>
  <controlfield tag="008">241029s9999    xx            000 0 und d</controlfield>
  <datafield tag="010" ind1=" " ind2=" ">
    <subfield code="a">3397</subfield>
  </datafield>
  <datafield tag="041" ind1=" " ind2=" ">
    <subfield code="a">Espa&#xF1;ol</subfield>
  </datafield>
  <datafield tag="082" ind1=" " ind2=" ">
    <subfield code="a">MA-ES 0029 FH 2008</subfield>
  </datafield>
  <datafield tag="245" ind1=" " ind2="0">
    <subfield code="a">Participaci&#xF3;n de los maestros de Comunicaci&#xF3;n Social de la Universidad Aut&#xF3;noma de Santo Domingo en proyectos de investigaci&#xF3;n, acreditaci&#xF3;n y publicaci&#xF3;n. Centro Universitario Regional de Santiago (CURSA). Per&#xED;odo 2004-2007</subfield>
  </datafield>
  <datafield tag="260" ind1=" " ind2=" ">
    <subfield code="a">Santiago</subfield>
  </datafield>
  <datafield tag="300" ind1=" " ind2=" ">
    <subfield code="a">127</subfield>
  </datafield>
  <datafield tag="520" ind1=" " ind2=" ">
    <subfield code="a">33</subfield>
  </datafield>
  <datafield tag="630" ind1=" " ind2=" ">
    <subfield code="a">Comunicaci&#xF3;n</subfield>
  </datafield>
  <datafield tag="630" ind1=" " ind2=" ">
    <subfield code="a">Participaci&#xF3;n</subfield>
  </datafield>
  <datafield tag="650" ind1=" " ind2=" ">
    <subfield code="a">Participaci&#xF3;n</subfield>
  </datafield>
  <datafield tag="690" ind1=" " ind2=" ">
    <subfield code="a">Sintetizado</subfield>
  </datafield>
  <datafield tag="700" ind1=" " ind2=" ">
    <subfield code="e">asesor</subfield>
    <subfield code="a">Espinal, Juan Antonio </subfield>
  </datafield>
  <datafield tag="700" ind1=" " ind2=" ">
    <subfield code="e">autor</subfield>
    <subfield code="a">Ulloa Dom&#xED;nguez, M&#xE1;ximo Manuel </subfield>
  </datafield>
  <datafield tag="700" ind1=" " ind2=" ">
    <subfield code="e">autor</subfield>
    <subfield code="a">Parra Cruz, F&#xE9;lix Ysmael </subfield>
  </datafield>
  <datafield tag="901" ind1=" " ind2=" ">
    <subfield code="a">{"1":"Ulloa Dom&#xED;nguez","2":"Parra Cruz"}</subfield>
    <subfield code="b">{"1":"M&#xE1;ximo Manuel ","2":"F&#xE9;lix Ysmael "}</subfield>
  </datafield>
  <datafield tag="902" ind1=" " ind2=" ">
    <subfield code="a">1</subfield>
  </datafield>
  <datafield tag="903" ind1=" " ind2=" ">
    <subfield code="a">{"1":"Espinal"}</subfield>
    <subfield code="b">{"1":"Juan Antonio "}</subfield>
  </datafield>
  <datafield tag="904" ind1=" " ind2=" ">
    <subfield code="a">Mag&#xED;ster en</subfield>
  </datafield>
  <datafield tag="905" ind1=" " ind2=" ">
    <subfield code="a">Ense&#xF1;anza Superior</subfield>
  </datafield>
  <datafield tag="906" ind1=" " ind2=" ">
    <subfield code="a">2</subfield>
  </datafield>
  <datafield tag="907" ind1=" " ind2=" ">
    <subfield code="a">NO APLICA</subfield>
  </datafield>
  <datafield tag="908" ind1=" " ind2=" ">
    <subfield code="a">NO APLICA</subfield>
  </datafield>
  <datafield tag="909" ind1=" " ind2=" ">
    <subfield code="a">Universidad Aut&#xF3;noma de Santo Domingo (UASD)</subfield>
  </datafield>
  <datafield tag="910" ind1=" " ind2=" ">
    <subfield code="a">NULL</subfield>
    <subfield code="b">NULL</subfield>
  </datafield>
  <datafield tag="911" ind1=" " ind2=" ">
    <subfield code="a">["1"]</subfield>
  </datafield>
  <datafield tag="912" ind1=" " ind2=" ">
    <subfield code="a">NO APLICA</subfield>
  </datafield>
  <datafield tag="913" ind1=" " ind2=" ">
    <subfield code="a">NULL</subfield>
  </datafield>
  <datafield tag="914" ind1=" " ind2=" ">
    <subfield code="a">04 de Agosto de 2008</subfield>
  </datafield>
  <datafield tag="915" ind1=" " ind2=" ">
    <subfield code="a">19/09/14 07:09</subfield>
  </datafield>
  <datafield tag="916" ind1=" " ind2=" ">
    <subfield code="a">NULL</subfield>
  </datafield>
  <datafield tag="917" ind1=" " ind2=" ">
    <subfield code="a">NULL</subfield>
  </datafield>
  <datafield tag="918" ind1=" " ind2=" ">
    <subfield code="a">NO APLICA</subfield>
  </datafield>
  <datafield tag="919" ind1=" " ind2=" ">
    <subfield code="a">["230","151"]</subfield>
  </datafield>
  <datafield tag="520" ind1=" " ind2=" ">
    <subfield code="a">La investigaci&#xF3;n se plante&#xF3; Evaluar los Niveles de Participaci&#xF3;n de los Docentes de Comunicaci&#xF3;n Social en Proyectos de Investigaci&#xF3;n, Acreditaci&#xF3;n y Publicaci&#xF3;n en la Universidad Aut&#xF3;noma de Santo Domingo (Centro Universitario Regional de Santiago) en el Periodo 2004-2007.Se implement&#xF3; una investigaci&#xF3;n de tipo descriptiva, con un enfoque cuantitativo, que hizo uso de t&#xE9;cnicas de recolecci&#xF3;n de datos bibliogr&#xE1;ficos , an&#xE1;lisis de documentos y entrevistas a una poblaci&#xF3;n de 20 docentes, 1 encargado del departamento de investigaci&#xF3;n del Centro Universitario Regional de Santiago.El estudio concluye que los maestros de comunicaci&#xF3;n social del CURSA participan en proyectos de investigaci&#xF3;n, con el rol de asesores independientes, pero no est&#xE1;n contribuyendo de forma seria a la construcci&#xF3;n de nuevos conocimientos, que pueden ser auspiciadas por la instituci&#xF3;n. En otro sentido se determin&#xF3; que en el campo de investigaci&#xF3;n las tem&#xE1;ticas m&#xE1;s usadas se basan en la socioling&#xFC;&#xED;stica, la cual constituye el &#xE1;rea m&#xE1;s significativa de la comunicaci&#xF3;n social, pues profundiza en el desempe&#xF1;o ling&#xFC;&#xED;stico de los dominicanos.El estudio recomienda a los docentes que aparte de asumir el rol de asesores independientes, se integren como protagonistas en los proyectos de investigaci&#xF3;n, acreditaci&#xF3;n y publicaci&#xF3;n que se llevan a cabo en la instituci&#xF3;n.</subfield>
  </datafield>
  <datafield tag="921" ind1=" " ind2=" ">
    <subfield code="a">16</subfield>
  </datafield>
  <datafield tag="922" ind1=" " ind2=" ">
    <subfield code="a">16</subfield>
  </datafield>
  <datafield tag="923" ind1=" " ind2=" ">
    <subfield code="a">0</subfield>
  </datafield>
  <datafield tag="924" ind1=" " ind2=" ">
    <subfield code="a">NO APLICA</subfield>
  </datafield>
  <datafield tag="942" ind1=" " ind2=" ">
    <subfield code="c">Tesis</subfield>
  </datafield>
  <datafield tag="999" ind1=" " ind2=" ">
    <subfield code="c">3397</subfield>
    <subfield code="d">3397</subfield>
  </datafield>
</record>
